Văn phạm căn bản Đức ngữ = Deutsche Grunliche Grammatik Deutsche Grunliche Grammatik

Uloženo v:
Podrobná bibliografie
Hlavní autor: Nguyễn, Thiện Sách
Médium: Kniha
Jazyk:Undetermined
Vydáno: Tp. Hồ Chí Minh Đại học Quốc gia 2004
Témata:
Tagy: Přidat tag
Žádné tagy, Buďte první, kdo otaguje tento záznam!
Thư viện lưu trữ: Trung tâm Học liệu Trường Đại học Cần Thơ
LEADER 00652nam a2200217Ia 4500
001 CTU_95061
008 210402s9999 xx 000 0 und d
020 |c 24000 
082 |a 435 
082 |b S102 
100 |a Nguyễn, Thiện Sách 
245 0 |a Văn phạm căn bản Đức ngữ = Deutsche Grunliche Grammatik 
245 0 |b Deutsche Grunliche Grammatik 
245 0 |c Nguyễn Thiện Sách 
260 |a Tp. Hồ Chí Minh 
260 |b Đại học Quốc gia 
260 |c 2004 
650 |a German language 
650 |x Grammar 
904 |i Mai Loan 
980 |a Trung tâm Học liệu Trường Đại học Cần Thơ